Řeky v České republice - náhlá smrt/sudden death - Statistics

General Stats
  • This quiz has been taken 84 times
    55 since last reset
  • The average score is 16 of 23
Answers on the Grid
Answers color-coded by a green-red scale on the quiz's grid according to % correct below.
Morava
Sázava
Jizera
Otava
Vltava
Labe
Mže
Odra
Bílina
Moravice
Metuje
Jihlava
Úpa
Malše
Cidlina
Orlice
Svitava
Ohře
Berounka
Lužnice
Svratka
Dyje
Radbuza
Strakonice
Kamýk
Orlík
Volha
Dněpr
Dunaj
Rýn
 
Answer Stats
Answer % Correct
Berounka
81%
Morava
81%
Odra
81%
Svratka
81%
Lužnice
77%
Vltava
77%
Labe
73%
Ohře
73%
Otava
73%
Sázava
73%
Cidlina
69%
Jihlava
69%
Jizera
69%
Svitava
69%
Dyje
65%
Mže
65%
Orlice
65%
Bílina
62%
Malše
62%
Moravice
62%
Metuje
58%
Radbuza
58%
Úpa
58%
No matching quizzes found
Score Distribution
Percent of People with Each Score
Percentile by Number Answered
Your Score History
You have not taken this quiz since the last reset